Who's That With Hillary Clinton? Quiz Stats

 Plays Quiz Updated Aug 3, 2016

Challenge
Share
Tweet
Score 0/25 Timer 07:00
1 Play Today
% Correct
Barack Obama
99.8%
Donald Trump
96.3%
Nelson Mandela
94.9%
George W. Bush
94.7%
Ellen DeGeneres
93.9%
Elton John
92.9%
Oprah Winfrey
92.7%
Katy Perry
91.7%
George Clooney
89.7%
Vladimir Putin
89%
Meryl Streep
87.8%
Bernie Sanders
82.2%
Muhammad Ali
78.3%
% Correct
Robert De Niro
76.4%
Joe Biden
76%
John McCain
75.1%
Stephen Colbert
74.9%
Ben Affleck
74.3%
Angela Merkel
72.6%
Jon Stewart
70%
Amy Poehler
67.3%
Amy Schumer
65.8%
David Cameron
59.7%
Barbara Walters
56%
Elizabeth Warren
49.4%

You're not logged in!

Compare scores with friends on all Sporcle quizzes.
OR
Log In

You Might Also Like...

Show Comments

Extras

Top Quizzes Today


Score Distribution

Your Account Isn't Verified!

In order to create a playlist on Sporcle, you need to verify the email address you used during registration. Go to your Sporcle Settings to finish the process.

Report this User

Report this user for behavior that violates our Community Guidelines.

Details: